Statistics for Celebrities of the Gilded Age

Click here to take the quiz!

General Stats

  • This quiz has been taken 38 times
  • The average score is 7 of 12

Answer Stats

Answer% Correct
Mark Twain
94%
Harriet Tubman
86%
John D. Rockefeller
80%
Thomas Edison
80%
Grover Cleveland
66%
Susan B. Anthony
60%
George Custer
57%
Harriet Beecher Stowe
43%
JP Morgan
43%
Wyatt Earp
40%
Walt Whitman
37%
Booker T. Washington
34%

Score Distribution

Percentile by Number Answered

Percent of People with Each Score

Your Score History

You have not taken this quiz